| 000 | 00802cam a2200289Ia 4500 | ||
|---|---|---|---|
| 999 |
_c394 _d394 |
||
| 001 | 575843 | ||
| 003 | OSt | ||
| 005 | 20180817095744.0 | ||
| 008 | 860424s1983 txu 000 0 eng d | ||
| 020 | _a0917726405 : | ||
| 035 | _a(OCoLC)ocm13489624 | ||
| 035 | _a(OCoLC)ocm13489624 | ||
| 040 |
_aNCA _cNCA |
||
| 049 | _aPTSS | ||
| 082 |
_a234 _bH945H |
||
| 090 |
_aBT732.5 _b.H86 1983 |
||
| 100 | 1 |
_aHunter, Charles, _d1920- |
|
| 245 | 1 | 0 |
_aTo heal the sick / _cby Charles and Frances Hunter. |
| 260 |
_aKingwood, Tex. : _bHunter Books, _cc1983. |
||
| 300 |
_a215 p. ; _c20 cm. |
||
| 500 | _aPrevious ed. titled: How to heal the sick. | ||
| 650 | 0 | _aSpiritual healing. | |
| 650 | 0 | _aMiracles. | |
| 700 | 1 |
_aHunter, Frances Gardner, _d1916- |
|
| 740 | 0 | 1 | _aHow to heal the sick. |
| 942 |
_2ddc _cBK |
||